000 00459nam a2200157 i 4500
001 75637
003 ES-MaACL
005 20230906172530.0
007 t|
008 040927s1918 fr ||||1| fre d
100 1 _aGrasset, Joseph (
_d1849-1918)
_9152573
245 1 3 _aLa Science et la Philosophie /
_cJoseph Grasset.
260 _aParis :
_bLa Renaissance du Livre,
_c1918 (
_eCorbeil :
_fCrété)
300 _a196 p. ;
_c19 cm.
852 _aES-MaACL
_jF-5900
999 _c75637
_d75637